书目信息 |
| 题名: |
霸业未尽
|
|
| 作者: | 不觉 著 | |
| 分册: | ||
| 出版信息: | 兰州 敦煌文艺出版社 2019 |
|
| 页数: | 410页 | |
| 开本: | 24cm | |
| 丛书名: | ||
| 单 册: | ||
| 中图分类: | K827=431 , K827=431 | |
| 科图分类: | ||
| 主题词: | 帝王--di wang--传记--中国--后唐 | |
| 电子资源: | ||
| ISBN: | 978-7-5468-1642-5 | |
| 000 | 00990nam0 2200265 450 | |
| 001 | 2151083131 | |
| 005 | 20211018173724.0 | |
| 010 | @a978-7-5468-1642-5@dCNY58.00 | |
| 100 | @a20190123d2019 em y0chiy50 ea | |
| 101 | 0 | @achi |
| 102 | @aCN@b620000 | |
| 105 | @ay z 000yb | |
| 106 | @ar | |
| 200 | 1 | @a霸业未尽@Aba ye wei jin@e李存勖王者的崛起与陨落@f不觉著 |
| 210 | @a兰州@c敦煌文艺出版社@d2019 | |
| 215 | @a410页@d24cm | |
| 330 | @a本书为一部历史题材的人物传记, 分为上、中、下三章。作者以历史文献记载为基准, 采取双视角写作方法, 对后唐庄宗李存勖的戎马一生进行叙述, 并以后世人的视角加以总结、评论, 使读者对这一著名历史人物的生平事迹得以了解。 | |
| 517 | 1 | @a李存勖王者的崛起与陨落@Ali cun xu wang zhe de jue qi yu yun luo |
| 600 | 0 | @a李存勖,@Ali cun xu ,@f885-926@x传记 |
| 606 | 0 | @a帝王@Adi wang@x传记@y中国@z后唐 |
| 690 | @aK827=431@v4 | |
| 690 | @aK827=431@v5 | |
| 701 | 0 | @a不觉@Abu jue@4著 |
| 801 | 0 | @aCN@b百万庄@c20211016 |
| 905 | @b1309196-99@dK827=431@e1068@f4 | |
| 霸业未尽:李存勖王者的崛起与陨落/不觉著.-兰州:敦煌文艺出版社,2019 |
| 410页;24cm |
| ISBN 978-7-5468-1642-5:CNY58.00 |
| 本书为一部历史题材的人物传记, 分为上、中、下三章。作者以历史文献记载为基准, 采取双视角写作方法, 对后唐庄宗李存勖的戎马一生进行叙述, 并以后世人的视角加以总结、评论, 使读者对这一著名历史人物的生平事迹得以了解。 |
| ● |
| 相关链接 |
|
|
|
|
正题名:霸业未尽
索取号:K827=431/1068
 
预约/预借
| 序号 | 登录号 | 条形码 | 馆藏地/架位号 | 状态 | 备注 |
| 1 | 1309196 | 213091964 | 第二样本阅览室/ [索取号:K827=431/1068] | 在馆 | |
| 2 | 1309197 | 213091973 | 第二借阅区/ [索取号:K827=431/1068] | 在馆 | |
| 3 | 1309198 | 213091982 | 第二借阅区/ [索取号:K827=431/1068] | 在馆 | |
| 4 | 1309199 | 213091991 | 第二借阅区/ [索取号:K827=431/1068] | 在馆 |